Advanced inorganic chemistry (Record no. 2836)

000 -LEADER
fixed length control field 00571nam a2200241u 4500
001 - CONTROL NUMBER
control field 2836
003 - CONTROL NUMBER IDENTIFIER
control field BD-DhUET
008 - FIXED-LENGTH DATA ELEMENTS--GENERAL INFORMATION
fixed length control field 890901s1965 ii 000 0 eng
020 ## - INTERNATIONAL STANDARD BOOK NUMBER
International Standard Book Number 8121902630
040 ## - CATALOGING SOURCE
Original cataloging agency DLC
Transcribing agency DLC
Modifying agency BD-DhUET
082 ## - DEWEY DECIMAL CLASSIFICATION NUMBER
Classification number 546
Item number PRA/2000
100 ## - MAIN ENTRY--PERSONAL NAME
Personal name Prakash, Satya
245 00 - TITLE STATEMENT
Title Advanced inorganic chemistry
250 ## - EDITION STATEMENT
Edition statement 1st ed.
260 ## - PUBLICATION, DISTRIBUTION, ETC. (IMPRINT)
Place of publication, distribution, etc. New York
Name of publisher, distributor, etc. S. Chand
Date of publication, distribution, etc. 2000
300 ## - PHYSICAL DESCRIPTION
Extent xvi, 1157p.
Other physical details ill.
500 ## - GENERAL NOTE
General note Vol. I
650 #0 - SUBJECT ADDED ENTRY--TOPICAL TERM
Topical term or geographic name as entry element Chemistry
700 ## - ADDED ENTRY--PERSONAL NAME
Personal name Tuli, G. D.
700 ## - ADDED ENTRY--PERSONAL NAME
Personal name Basu, S. K.
700 ## - ADDED ENTRY--PERSONAL NAME
Personal name Madan, R. D.
942 ## - ADDED ENTRY ELEMENTS (KOHA)
Koha item type General Book
Holdings
Koha full call number Koha normalized classification for sorting Piece designation (barcode) Date acquired Price effective from Withdrawn status Source of classification or shelving scheme Koha renewals Lost status Koha date last borrowed Koha item type Copy number Shelving location Koha issues (times borrowed) Not for loan Koha date last seen Sublocation or collection (holding branch) Location (home branch) Damaged status
546/PRA/2000546_000000000000000_PRA_2000964352014-10-122014-10-12  2 2024-04-27General Book1Circulation section5 2024-05-26Central Library, BUETCentral Library, BUET 
546/PRA/2000546PRA2000964332014-11-092014-11-09  1 2020-02-23General Book2Circulation section12 2020-02-24Central Library, BUETCentral Library, BUET 
546/PRA/2000546_000000000000000_PRA_2000964312015-06-162015-06-16     Reading Item3Reading section  2015-06-16Central Library, BUETCentral Library, BUET 
546/PRA/2000546_000000000000000_PRA_2000964342015-12-282015-12-28    2019-08-24General Book4Circulation section6 2019-09-01Central Library, BUETCentral Library, BUET